000 00269nam a22001217a 4500
008 170619b xxu||||| |||| 00| 0 eng d
041 _aeng
080 _26 ED
_a32
100 _a20
101 _aSHP
245 _aDYNAMICS OF DEMOCRACY
_cSQUIRE.P
942 _2udc
_cBK
999 _c18004
_d18004